Bandas mais tocadas no Spotify em 2022 - Statistics

Estatísticas Gerais
  • Esse quiz foi jogado 178 vezes
  • A pontuação média é 4 de 10
Estatísticas das Respostas
Rank Ouvintes Mensais Banda % Correto
17.4M Metallica
68%
37.8M Queen
67%
20.2M Nirvana
60%
22.2M AC/DC
56%
21.9M Linkin Park
39%
22.0M Red Hot Chilli Peppers
37%
26.9M Måneskin
27%
19.3M Green Day
25%
19.0M Twenty One Pilots
13%
10º 16.0M Machine Gun Kelly
7%
Nenhum quiz correspondente encontrado
Distribuição das Pontuações
Porcentagem de Pessoas com Cada Pontuação
Percentil de Números Respondidos
Sua Pontuação Histórica
Você não jogou esse quiz